Firemná kultúra a spotrebiteľ

Salvato in:
Dettagli Bibliografici
Autore principale: Lieskovská, Vanda, 1961-
Natura: Capitolo di libro
Lingua:slovacco
Tags: Aggiungi Tag
Nessun Tag, puoi essere il primo ad aggiungerne!!

MARC

LEADER 00000naa$a2200000$$$4500
001 0098288
005 20240502083244.4
041 0 |a slo 
044 |a CZ 
245 1 0 |a Firemná kultúra a spotrebiteľ  |c Vanda Lieskovská 
100 1 |a Lieskovská, Vanda, 1961-